Les Aventures de Tintin - Le Grand Quiz - Statistiques

Statistiques générales
  • Ce quiz a été pris 17 377 fois
  • Le résultat moyen est 14 sur 30
Statistiques - réponses
Indice Réponse % Correct
Son fidèle fox-terrier Milou
99%
Le reporter à la houppette Tintin
98%
Marin râleur aux jurons légendaires Capitaine Archibald Haddock
97%
Duo de policiers gaffeurs Dupond et Dupont
97%
Inventeur distrait et malentendant Professeur Tryphon Tournesol
91%
Cantatrice italienne, surnommée le Rossignol Milanais Bianca Castafiore
86%
Majordome au Château de Moulinsart Nestor
65%
Cruel pirate, ayant possédé un grand trésor Rackham le Rouge
65%
Animal qui montra son talent de cracheur au Capitaine Lama
62%
Animal qui servit de modèle au célèbre sous-marin Requin
60%
Ville fictive de Belgique, célèbre pour le château du même nom Moulinsart
58%
Terrible malfaiteur, véritable "Génie du Mal" portant un monocle Roberto Rastapopoulos
55%
Jeune ami de Tintin, rescapé d'une noyade puis d'un crash d'avion Tchang Tchong-Jen
50%
Nombre d'albums dans la collection officielle des Aventures de Tintin 24
42%
Bandit ayant réellement existé qui apparaît dans Tintin en Amérique Al Capone
42%
Petit garçon mal élevé, turbulent et adepte des farces en tout genre Abdallah
38%
Général devenu dictateur, amateur de cigares et de parties d'échecs Général Alcazar
38%
Boucherie située à Moulinsart Boucherie Sanzot
33%
Pays situé dans les Balkans, ayant pour capitale la ville de Klow Syldavie
32%
Exaspérant courtier en assurances, père de famille nombreuse Séraphin Lampion
30%
Marin, trafiquant aussi bien de drogue que d'esclaves Allan Thompson
28%
Momie Inca ramenée du Pérou par l'expédition Sanders-Hardmuth Rascar Capac
28%
Faux-monnayeur, mercenaire mais aussi médecin Docteur J.W. Müller
25%
Rivale du pays précédent Bordurie
23%
Nom complet de Hergé Georges Rémi
17%
Riche industriel à l'allure misérable et débraillée Laszlo Carreidas
15%
Marchand portugais, pouvant vous vendre tout et n'importe quoi Oliveira da Figueira
15%
Rue où réside Tintin (indice : chien) Rue du Labrador
15%
Pays d'Amérique du Sud, théâtre de coups d'états successifs San Theodoros
15%
Son ancêtre, capitaine de la marine du Roi Chevalier François de Hadoque
14%
Aucun quiz correspondant
Distribution des résultats
% des personnes avec chaque résultat
Percentile par nombre de réponses
Votre historique - résultats
Vous n’avez pas pris ce quiz